书目信息 |
| 题名: |
现代安全与健康食品
|
|
| 作者: | 吕选忠 , 唐勇 编著 | |
| 分册: | ||
| 出版信息: | 北京 中国环境科学出版社 2005 |
|
| 页数: | 227页 | |
| 开本: | 20cm | |
| 丛书名: | 现代绿色实用技术丛书 | |
| 单 册: | ||
| 中图分类: | X38 | |
| 科图分类: | ||
| 主题词: | 无污染技术 | |
| 电子资源: | ||
| ISBN: | 7-80209-217-5 | |
| 000 | 00840nam0 2200253 450 | |
| 005 | 20061205095710.26 | |
| 010 | @a7-80209-217-5@dCNY11.80 | |
| 100 | @a20060829d2004 ekmy0chiy0121 ea | |
| 101 | 0 | @achi |
| 102 | @aCN@b110000 | |
| 105 | @ay a 000yy | |
| 200 | 1 | @a现代安全与健康食品@AXian Dai An Quan Yu Jian Kang Shi Pin@f吕选忠, 唐勇编著@FLu^ Xuan Zhong , Tang Yong Bian Zhu |
| 210 | @a北京@c中国环境科学出版社@d2005 | |
| 215 | @a227页@d20cm | |
| 225 | 2 | @a现代绿色实用技术丛书@v3 |
| 320 | @a有书目 | |
| 330 | @a本书环绕现代安全和健康食品的根本涵义,详细地介绍了食品的成分、营养和色香味的作用。 | |
| 410 | 0 | @12001 @a现代绿色实用技术丛书 |
| 606 | 0 | @a无污染技术 |
| 690 | @aX38@v4 | |
| 701 | 0 | @a吕选忠@ALu^ Xuan Zhong@4编著 |
| 701 | 0 | @a唐勇@ATang Yong@4编著 |
| 801 | 0 | @aCN@b中图数据@c20061205 |
| 905 | @a10447@dX38@e40 | |
| 现代安全与健康食品/吕选忠, 唐勇编著.-北京:中国环境科学出版社,2005 |
| 227页;20cm.-(现代绿色实用技术丛书;3) |
| ISBN 7-80209-217-5:CNY11.80 |
| 本书环绕现代安全和健康食品的根本涵义,详细地介绍了食品的成分、营养和色香味的作用。 |
| ● |
| 相关链接 |
|
|
|
|
正题名:现代安全与健康食品
索取号:X38/40
 
预约/预借
| 序号 | 登录号 | 条形码 | 馆藏地/架位号 | 状态 | 备注 |
| 1 | 0605370 | 206053704 | 第二样本阅览室/ [索取号:X38/40] | 在馆 | |
| 2 | 0605371 | 206053713 | 第三借阅区/ [索取号:X38/40] | 在馆 | |
| 3 | 0605372 | 206053722 | 第三借阅区/ [索取号:X38/40] | 在馆 | |
| 4 | 0605373 | 206053731 | 第三借阅区/ [索取号:X38/40] | 在馆 | |
| 5 | 0605374 | 206053740 | 第三借阅区/ [索取号:X38/40] | 在馆 | |
| 6 | 0605375 | 206053759 | 第三借阅区/ [索取号:X38/40] | 在馆 | |
| 7 | 0605376 | 206053768 | 第三借阅区/ [索取号:X38/40] | 在馆 | |
| 8 | 0605377 | 206053777 | 第三借阅区/ [索取号:X38/40] | 在馆 |